| 000 | 00507cam a2200193ua 4500 | ||
|---|---|---|---|
| 001 | 10297 | ||
| 008 | 180314n ii |||gr||||Z||||||eng | ||
| 020 | _a9780070590557 | ||
| 040 | _cMAIN | ||
| 082 | _a338.5 | ||
| 100 |
_aMaddala, G.S., _eAuthor. |
||
| 245 |
_aMicroeconomics : _btheory and applications / _cBy G.S. Maddala . |
||
| 250 | _a12th rep. | ||
| 260 |
_aChennai: _bMcGraw hill education, _c2016. |
||
| 300 | _a634p. | ||
| 653 | _aProduction | ||
| 700 |
_aMiller, Ellen, _eAuthor. |
||
| 942 | _cBK | ||
| 999 |
_c9292 _d9292 |
||